000 00295nam a22001337a 4500
008 181009b xxu||||| |||| 00| 0 eng d
020 _a0521319978
041 _aeng
080 _a101
100 _a24
101 _aFIL
245 _aHume's Philosophical Politics
_cForbes, D
942 _2udc
_cBK
999 _c49141
_d49141